000 00358nam a2200145Ia 4500
003 OSt
005 20240330122848.0
008 170523s9999 xx 000 0 und d
020 _a 9788189928353
040 _cIIMT UNIVERSITY MEERUT
100 _aKhanna- O.P.
245 0 _aIndustrial Engineering and Management
260 _aDhanpat Rai
942 _2ddc
_c02
999 _c12354
_d12354